Web Browser Logo Click Quiz Stats

 Plays Quiz Updated Oct 11, 2017

Also try: Web Icons
Challenge
Share
Tweet
Score 0/8 Timer 01:00
6 Plays Today
% Correct
Google Chrome
97.7%
Mozilla Firefox
97.7%
Internet Explorer
96.7%
Opera
95.9%
Safari
95.2%
Microsoft Edge
93.3%
Netscape Navigator
92.7%
Tor
88.8%

You're not logged in!

Compare scores with friends on all Sporcle quizzes.
Join for Free
OR
Log In

You Might Also Like...

Show Comments

Extras

Top Quizzes Today


Score Distribution

Your Account Isn't Verified!

In order to create a playlist on Sporcle, you need to verify the email address you used during registration. Go to your Sporcle Settings to finish the process.

Report this User

Report this user for behavior that violates our Community Guidelines.

Details: